000 00462nam a22001697a 4500
999 _c16817
_d16817
003 OSt
005 20180419153605.0
008 180419b xxu||||| |||| 00| 0 eng d
020 _a1588291340
040 _cKABU
050 _aRC 903.9
_b.R46 2003 C.1
245 _aRenal disease:
_btechniques and protocols/
300 _axviii, 499p.
650 _aKidneys
_vPathophysiology
_xLaboratory manuals
700 _aed. by Goligorsky, S. Michael
942 _2lcc
_cBK